LEADER 00970nam0-22003011i-450- 001 990002051000403321 005 20021010 035 $a000205100 035 $aFED01000205100 035 $a(Aleph)000205100FED01 035 $a000205100 100 $a20021010d--------km-y0itay50------ba 101 0 $aita 200 1 $aAtti del Congresso Nazionale della Floricoltura Italiana. Sanremo, 9-11 maggio 1948 210 $aSanremo$cAzienda Autonoma di Soggiorno$d1948 215 $a193 p.$d25 cm 610 0 $aCongressi Vari 610 0 $aFloricoltura Congressi 676 $a635.9 710 12$aCongresso nazionale della floricoltura italiana$f<1948 ;$eSanremo>$0360790 801 0$aIT$bUNINA$gRICA$2UNIMARC 901 $aBK 912 $a990002051000403321 952 $a61 VII A.3/23$b6824 (18/3/1998)$fDAGEN 959 $aDAGEN 996 $aAtti del Congresso Nazionale della Floricoltura Italiana. Sanremo, 9-11 maggio 1948$9406750 997 $aUNINA DB $aING01 LEADER 01273nam0 22002891i 450 001 UON00520935 005 20231208093132.641 010 $a88-464-5651-3 100 $a20231208d2004 |0itac50 ba 101 $aita 102 $aIT 105 $a|||| ||||| 200 1 $aForze armate: femminile plurale$eil femminile e il maschile del militare nella transizione dalla comunità maschile al sistema di genere$fFatima Farina 210 $aMilano$cF. Angeli$d[2004] 215 $a304 p.$d23 cm 316 $aDonazione prof.ssa Amalia Signorelli$5IT-UONSI F. Signorelli5 A218 606 $aDonna$xServizio militare$3UONC102151$2FI 620 $aIT$dMilano$3UONL000005 676 $a355.225082$cAddestramento e servizio universale. Donne$v22 700 1$aFARINA$bFatima$3UONV293589$0497980 712 $aAngeli$3UONV277541$4650 801 $aIT$bSOL$c20260116$gRICA 899 $aSIBA - SISTEMA BIBLIOTECARIO DI ATENEO E ARCHIVIO STORICO$2UONSI 912 $aUON00520935 950 $aSIBA - SISTEMA BIBLIOTECARIO DI ATENEO E ARCHIVIO STORICO$dSI F. Signore5 A 218 $eSI 48356 5 Donazione prof.ssa Amalia Signorelli 996 $aForze armate: femminile plurale$93905597 997 $aUNIOR